Mémoire sur l'éclairage et le balisage des côtes de France / (Record no. 163424)

MARC details
000 -LEADER
campo de control de longitud fija 00715nam a22001815i 4500
001 - NÚMERO DE CONTROL
campo de control 163424
003 - IDENTIFICADOR DE NÚMERO DE CONTROL
campo de control ES-MaACL
005 - FECHA Y HORA DE LA ÚLTIMA TRANSACCIÓN
campo de control 20230906212733.0
008 - DATOS DE LONGITUD FIJA--INFORMACIÓN GENERAL
campo de control de longitud fija 000113s1864 fr a |||| | fre d
040 ## - FUENTE DE CATALOGACIÓN
Centro catalogador/agencia de origen M-RACE
Lengua de catalogación spa
Centro/agencia transcriptor M-RACE
Centro/agencia modificador CCPB | B
100 1# - ENTRADA PRINCIPAL--NOMBRE DE PERSONA
Nombre de persona Reynaud, Leonce.
9 (RLIN) 131760
245 10 - MENCIÓN DEL TÍTULO
Título Mémoire sur l'éclairage et le balisage des côtes de France /
Mención de responsabilidad, etc. par Léonce Reynaud ; publié par ordre de Armand Béhic.
260 ## - PUBLICACIÓN, DISTRIBUCIÓN, ETC.
Lugar de publicación, distribución, etc. Paris :
Nombre del editor, distribuidor, etc. [s.n.],
Fecha de publicación, distribución, etc. 1864 (
Fabricante Imprimerie Imperiale)
300 ## - DESCRIPCIÓN FÍSICA
Extensión 2 v. :
Otras características físicas il. ;
Dimensiones 32 y 51 cm.
501 ## - NOTA DE CON
Nota de "Con" Contiene: Vol. 1: texto -- Vol. 2: Láminas: 6 p., 39 [i.e. 40] h. lám. (4 pleg.)
650 #4 - PUNTO DE ACCESO ADICIONAL DE MATERIA--TÉRMINO DE MATERIA
Término de materia o nombre geográfico como elemento de entrada Faros-
Subdivisión geográfica Francia.
9 (RLIN) 136091
852 ## - LOCALIZACIÓN
Ubicación ES-MaACL
Número de control de estantería B-9699-9700
Nota libre -- Enc. hol.
Holdings
Estatus retirado Estado de pérdida Estado de daño No para préstamo Colección Biblioteca de origen Biblioteca actual Ubicación en estantería Fecha de adquisición Fuente de adquisición Total de préstamos Signatura topográfica completa Código de barras Visto por última vez Precio de reemplazo Tipo de ítem Koha
        Libros del s. XIX Biblioteca del Ateneo de Madrid Biblioteca del Ateneo de Madrid Sala Pardo Bazán 17/01/2008     B-9699-9700 1171253 23/02/2023 23/02/2023 Libro impreso antiguo